| 000 | 00566nam a2200193Ia 4500 | ||
|---|---|---|---|
| 003 | LDD | ||
| 008 | 181029s9999 xx 000 0 und d | ||
| 020 |
_a199272530 _c1495.00 |
||
| 040 | _cLDD | ||
| 100 | _aLauder, Hugh | ||
| 245 | 0 |
_aEducation globalization and social chang _cHugh Lauder |
|
| 260 |
_aNew York _bOxford University Press _c2006 |
||
| 300 | _axxvii, 102 | ||
| 365 | _b1495.00 | ||
| 901 |
_a3659 _b11-01-2007 |
||
| 902 |
_a1973/02/07 _b23-02-2007 _cF _dSELECT _e37 |
||
| 903 |
_aDiscount-10 _bReqst by : Dr.S.B.Sharma |
||
| 942 |
_2ddc _cBK |
||
| 999 |
_c78099 _d78099 |
||